00584nam a2200169 i 4500001000300000100002600003245011300029250001100142260002100153040000800174041000800182942000700190008004100197999001700238856009800255952006100353bg1 aSTĘPNIEWSKI, Alfred 0aĆwiczenia do wykładów z mechaniki płynów oraz podstawy rachunku tensorowego /cAlfred Stępniewski. aWyd.2. aSzczecin,c1977. cBPK apol cKS s pl f |000 0 pol  c27643d27643 uhttp://koha.tu.koszalin.pl/cgi-bin/koha/opac-detail.pl?biblionumber=27643yKatalog online BPK 00104070aBPKbBPKcwo22390p01681758s2014-06-03yKS